[Event "TUR Cup										"]
[Site "Antalya"]
[Date "2018.02.01"]
[Round "9"]
[White "Aydogdu, Selcan Ayberk"]
[Black "Urker, Oguzhan"]
[Result "1-0"]
[WhiteElo "1557"]
[BlackElo "1398"]
[PlyCount "39"]
[EventDate "2018.01.27"]
[EventType "swiss"]
[EventRounds "11"]
[EventCountry "TUR"]
[SourceTitle "CBM 182 Extra"]
[Source "ChessBase"]
[SourceDate "2018.02.23"]
[SourceVersion "1"]
[SourceVersionDate "2018.02.23"]
[SourceQuality "1"]

1. e4 c5 2. Nf3 g6 3. Nc3 Bg7 4. Bc4 e6 5. e5 Ne7 6. 0-0 0-0 7. d3 Nbc6 8. Re1 a6 9. Bg5 Qc7 10. Ne4 b6 11. Qd2 Nf5 12. Nf6+ Kh8 13. c3 d6 14. d4 Nce7 15. g4 cxd4 16. Bd3 dxc3 17. bxc3 h6 18. gxf5 hxg5 19. Qxg5 Bxf6 20. exf6 1-0

[Event "TUR Cup										"]
[Site "Antalya"]
[Date "2018.01.27"]
[Round "1"]
[White "Ozturk, Efe Hakan"]
[Black "Urker, Oguzhan"]
[Result "1-0"]
[WhiteElo "1847"]
[BlackElo "1398"]
[PlyCount "123"]
[EventDate "2018.01.27"]
[EventType "swiss"]
[EventRounds "11"]
[EventCountry "TUR"]
[SourceTitle "CBM 182 Extra"]
[Source "ChessBase"]
[SourceDate "2018.02.23"]
[SourceVersion "1"]
[SourceVersionDate "2018.02.23"]
[SourceQuality "1"]

1. d4 d5 2. c4 e6 3. Nf3 c6 4. Qc2 f5 5. Bf4 Bd6 6. Bxd6 Qxd6 7. g3 Nf6 8. Bg2 0-0 9. 0-0 Nbd7 10. e3 Ne4 11. Nc3 a6 12. a3 b5 13. c5 Qc7 14. Ne2 Re8 15. Rac1 a5 16. Nd2 Nxd2 17. Qxd2 Nf6 18. f3 Ba6 19. Rfe1 Bb7 20. Nc3 Rad8 21. e4 fxe4 22. fxe4 dxe4 23. Nxe4 Nxe4 24. Rxe4 e5 25. Rce1 Qd7 26. Qe3 Re7 27. Rxe5 Rxe5 28. dxe5 Qd4 29. e6 Qxe3+ 30. Rxe3 Re8 31. Bh3 g6 32. Kf2 Kg7 33. Kf3 Bc8 34. Re4 g5 35. Re5 Kg6 36. Ke4 h5 37. Bf5+ Kf6 38. h4 gxh4 39. gxh4 Bxe6 40. Bxe6 Rxe6 41. Rxe6+ Kxe6 42. Kf4 Kf6 43. b3 a4 44. b4 Ke6 45. Kg5 Kd5 46. Kxh5 Kc4 47. Kg4 Kb3 48. h5 Kxa3 49. h6 Kxb4 50. h7 Kxc5 51. h8Q b4 52. Kf3 Kc4 53. Qb2 a3 54. Qc2+ Kd4 55. Qxc6 b3 56. Qd6+ Kc3 57. Qxa3 Kc2 58. Ke2 b2 59. Qc5+ Kb1 60. Kd2 Ka2 61. Qa5+ Kb1 62. Kc3 1-0